|
|
|
|
| LEADER |
00000njm a2200000 a 4500 |
| 001 |
vtls001466459 |
| 003 |
SK-MaSNL |
| 005 |
20260302073312.0 |
| 008 |
160801s2003 xo 0 cze |
| 015 |
|
|
|a SNBJ2004/01-00217
|
| 035 |
|
|
|a SNK000421764
|
| 040 |
|
|
|a SNK
|b slo
|c SNK
|e AACR2
|
| 044 |
|
|
|a xo
|c SK
|
| 072 |
|
7 |
|a 784
|2 konspekt
|
| 080 |
|
|
|a 784.68
|2 1981
|
| 080 |
|
|
|a (086.76)
|2 1981
|
| 080 |
|
|
|a 784.68:783.65(086.76)
|2 2. slo
|
| 080 |
|
|
|a 783.65
|2 2. slo
|
| 245 |
1 |
|
|a Tichá noc
|h zvukový dokument
|b vánoční koledy
|c výběr a sestava: Rostislav Pavlík ; překlad textů: Miloš Pavlík
|
| 260 |
|
|
|a Tvrdošín
|b Pavlík records
|c 2003
|
| 300 |
|
|
|a 1 kompaktná platňa (46 min. 21 sek.)
|b stereo
|
| 505 |
0 |
|
|a Obsahuje 17 piesní
|
| 511 |
|
|
|a Účinkujú: A. Vajduliaková, S. Brodecová, D. Iskrová, A. Pavlíková, J. Pavlíková, P. Maretta, M. Vrana a R. Pavlík
|
| 650 |
0 |
7 |
|a vianočné piesne
|2 SNK
|9 67789
|
| 650 |
0 |
7 |
|a vokálna hudba
|x piesne vianočné
|x koledy
|x platne kompaktné
|2 SNK
|9 295007
|
| 650 |
0 |
7 |
|a piesne vianočné
|x koledy
|x platne kompaktné
|2 SNK
|9 295008
|
| 650 |
0 |
7 |
|a koledy
|x piesne vianočné
|x platne kompaktné
|2 SNK
|9 466366
|
| 650 |
0 |
7 |
|a vokálna hudba
|2 konspekt
|9 3442
|
| 655 |
|
7 |
|a kompaktné platne
|2 SNK
|9 70690
|
| 655 |
|
7 |
|a vokálna hudba
|2 SNK
|9 510830
|
| 655 |
|
7 |
|a koledy
|2 SNK
|9 70691
|
| 655 |
|
7 |
|a kompaktné platne
|2 SNK
|9 70690
|
| 700 |
1 |
|
|a Vajduliaková, A.
|4 uci
|9 466367
|
| 700 |
1 |
|
|a Brodecová, S.
|4 uci
|9 466368
|
| 700 |
1 |
|
|a Iskrová, Daniela,
|d 1966-
|4 uci
|9 120696
|
| 700 |
1 |
|
|a Pavlíková, A
|4 uci
|9 254934
|
| 700 |
1 |
|
|a Pavlíková, J.
|4 uci
|9 466369
|
| 700 |
1 |
|
|a Maretta, P.
|4 uci
|9 466370
|
| 700 |
1 |
|
|a Vrana, M.
|4 uci
|9 466371
|
| 700 |
1 |
|
|a Pavlík, Rostislav
|4 upr
|4 com
|4 uci
|9 46204
|
| 700 |
1 |
|
|a Pavlík, Miloš
|4 trl
|9 46202
|
| 999 |
|
|
|c 1160310
|d 1162240
|
| 952 |
|
|
|t P60, <03>, [AUDIO], {603}
|a SNK
|b SNK
|y PREZ
|7 0
|p 17A0408988
|o snkSCD 1592
|i snkJK 41/2004
|0 0
|1 0
|4 0
|d 2004-01-16
|l 0
|r 2005-01-02 00:00:00
|w 2026-02-24
|